| 000 | 01091cam a2200229 4500 | ||
|---|---|---|---|
| 001 | L129489 | ||
| 002 | 8769 | ||
| 008 | 050422n2005 000 0 eng u | ||
| 020 | _a0954736923 | ||
| 035 | _a(Sirsi) u129489 | ||
| 050 |
_a698.1028 _c18 |
||
| 245 | _a2005 Wessex painting and decorating estimating handbook | ||
| 250 | _a12th ed. | ||
| 260 |
_aPoole _bWessex Electronic Publishing Ltd _c2005 |
||
| 300 |
_av, 1528p. _c19 x 21cm. |
||
| 350 | _a21.95 | ||
| 520 | _aAims to provide a guide to current competitive rates for painting and decorating works and trade information. The rates are presented in seven sections covering hourly rates and supply prices of materials, new internal work, new external work, wall coverings, internal redecoration, external redecoration and composite prices. Includes a list of government and trade organisations. | ||
| 520 | _aSUPERSEDED by BCIS Wessex painting & decorating estimating price book (ISBN 0954736923) | ||
| 590 | _aIKA210605 | ||
| 690 | _aBUILT ENVIRONMENT-BUILDING MAINTENANCE AND REFURBISHMENT-MAINTENANCE COSTS | ||
| 942 | _n0 | ||
| 999 |
_c104213 _d104213 |
||